00476nam a2200193 a 4500001001300000003000900013005001700022008004100039020001000080082001300090100001700103245003300120260002300153300000800176500003500184505001700219650002900236700001700265nice12345678IN_TiNIC20260116011843.0050524s1964 lona grp 000 0 eng  ac10000a922bSTR aStranks, C J aLife and Death of St.Cutbert aLondonbSpckc1964 a47p aincludes index and biblioraphy2 aBibliography aRamakrishnayya-Biography1 aStranks, C J